<?xml version="1.0" encoding="UTF-8"?>
<record
    xmlns:xsi="http://www.w3.org/2001/XMLSchema-instance"
    xsi:schemaLocation="http://www.loc.gov/MARC21/slim http://www.loc.gov/standards/marcxml/schema/MARC21slim.xsd"
    xmlns="http://www.loc.gov/MARC21/slim">

  <leader>01353nam a2200181 a 4500</leader>
  <datafield tag="090" ind1=" " ind2=" ">
    <subfield code="a">IAVH</subfield>
    <subfield code="b">00755</subfield>
  </datafield>
  <datafield tag="041" ind1=" " ind2=" ">
    <subfield code="a">spa</subfield>
  </datafield>
  <datafield tag="100" ind1=" " ind2=" ">
    <subfield code="a">Ruiz Osorio, Diana Carolina</subfield>
    <subfield code="9">92396</subfield>
  </datafield>
  <datafield tag="245" ind1=" " ind2=" ">
    <subfield code="a">Divulgaci&#xF3;n y Socializaci&#xF3;n de los documentos y materiales producidos por las distintas l&#xED;neas del programa de investigaci&#xF3;n en pol&#xED;tica y legislaci&#xF3;n</subfield>
  </datafield>
  <datafield tag="260" ind1=" " ind2=" ">
    <subfield code="a">Bogot&#xE1;</subfield>
    <subfield code="b">Instituto Alexander von Humboldt</subfield>
    <subfield code="c">2007</subfield>
  </datafield>
  <datafield tag="300" ind1=" " ind2=" ">
    <subfield code="a">36 p.</subfield>
  </datafield>
  <datafield tag="520" ind1=" " ind2=" ">
    <subfield code="a">Se entregan los siguientes productos: Listado de personas e instituciones participantes en los procesos de planificaci&#xF3;n regional de la biodiversidad en los departamentos de Quind&#xED;o, Norte de Santander y Valle del Cauca; Listado de actores definida y estrategia de divulgaci&#xF3;n dise&#xF1;ada en coordinaci&#xF3;n con el CHM; Cartas de invitaci&#xF3;n con una breve introducci&#xF3;n al evento, objetivos, durci&#xF3;n, lugar de realizaci&#xF3;n, formato de inscripci&#xF3;n para participantes y un croquis del programa; Bocetos generales de los formatos de escarapela, certificado de asistencia y carpeta contenedora del resumen de exposiciones con los patrocinadores y el logotipo del IAvH;  Documento resumen de objetivos, estrategias y metas.</subfield>
  </datafield>
  <datafield tag="650" ind1=" " ind2=" ">
    <subfield code="a">Seminarios y eventos</subfield>
    <subfield code="9">92397</subfield>
  </datafield>
  <datafield tag="650" ind1=" " ind2=" ">
    <subfield code="a">Pol&#xED;tica ambiental</subfield>
    <subfield code="9">92286</subfield>
  </datafield>
  <datafield tag="650" ind1=" " ind2=" ">
    <subfield code="a">Legislaci&#xF3;n ambiental</subfield>
    <subfield code="9">92309</subfield>
  </datafield>
  <datafield tag="650" ind1=" " ind2=" ">
    <subfield code="a">Programas de divulgaci&#xF3;n</subfield>
    <subfield code="9">92398</subfield>
  </datafield>
  <datafield tag="942" ind1=" " ind2=" ">
    <subfield code="c">IMPRESO</subfield>
  </datafield>
  <datafield tag="999" ind1=" " ind2=" ">
    <subfield code="c">5879</subfield>
    <subfield code="d">5879</subfield>
  </datafield>
  <datafield tag="952" ind1=" " ind2=" ">
    <subfield code="0">0</subfield>
    <subfield code="1">0</subfield>
    <subfield code="2">z</subfield>
    <subfield code="4">0</subfield>
    <subfield code="7">0</subfield>
    <subfield code="8">HUMBOLDT</subfield>
    <subfield code="a">Bogota</subfield>
    <subfield code="b">Bogota</subfield>
    <subfield code="d">2007-09-04</subfield>
    <subfield code="l">0</subfield>
    <subfield code="o">IAVH-00755</subfield>
    <subfield code="p">024820</subfield>
    <subfield code="r">2012-12-04 00:00:00</subfield>
    <subfield code="t">Ej. 1</subfield>
    <subfield code="w">2012-12-04</subfield>
    <subfield code="x">Dep&#xF3;sito Institucional</subfield>
    <subfield code="y">INFORME</subfield>
  </datafield>
</record>
